Statistics for Five Countries with the Most JetPunk Users by Continent

Click here to take the quiz!

General Stats

  • This quiz has been taken 3,766 times
    (656 since last reset)
  • The average score is 24 of 30

Answer Stats

Continent%Country% Correct
North America80.2%United States
98%
Oceania83.2%Australia
96%
North America17.3%Canada
96%
Europe23.1%France
96%
Europe19.7%United Kingdom
95%
South America73.1%Brazil
94%
Europe9.6%Germany
93%
North America1.6%Mexico
92%
Oceania16.4%New Zealand
92%
South America11.7%Argentina
90%
Africa17.4%South Africa
89%
Africa13.2%Egypt
88%
Asia17.2%India
87%
South America4.6%Chile
83%
South America4.0%Colombia
83%
Europe3.6%Italy
82%
South America2.6%Peru
80%
Oceania0.2%Fiji
79%
Africa21.0%Morocco
78%
Asia10.9%Indonesia
74%
Africa11.0%Algeria
72%
Europe16.3%Poland
71%
Oceania0.07%Papua New Guinea
66%
Oceania0.03%Samoa
62%
Asia11.7%Philippines
59%
North America0.1%Dominican Republic
58%
Asia9.9%Turkey
57%
North America0.2%Costa Rica
55%
Africa7.1%Tunisia
55%
Asia5.6%Singapore
42%

Score Distribution

Percentile by Number Answered

Percent of People with Each Score

Your Score History

You have not taken this quiz since the last reset